000 00248nam a22000857a 4500
008 160912b xxu||||| |||| 00| 0 eng d
100 _9405
_aJiwan ltd India
245 _aScience Lab Manual with Sample papers
260 _aNew Delhi
_bJiwan publication
_c2008
999 _c3063
_d3063